“板鸭”地点数量≥60的地级行政区 Prefectures with ≥60 "板鸭" sites - Statistics

General Stats
  • This quiz has been taken 3 times
  • The average score is 9 of 18
Answer Stats
地级行政区 数量 % Correct
成都 367
100%
南京 92
100%
重庆 92
100%
长沙 436
67%
株洲 113
67%
赣州 109
67%
岳阳 85
67%
常德 364
33%
芜湖 225
33%
德阳 175
33%
阜阳 110
33%
益阳 108
33%
娄底 94
33%
亳州 88
33%
三明 81
33%
达州 63
33%
遵义 118
0%
宿州 73
0%
No matching quizzes found
Score Distribution
Percent of People with Each Score
Percentile by Number Answered
Your Score History
You have not taken this quiz